[Event "Candidates qf2"]
[Site "Antwerp"]
[Date "1989.02.06"]
[Round "5"]
[White "Portisch, Lajos"]
[Black "Timman, Jan H"]
[Result "0-1"]
[WhiteElo "2610"]
[BlackElo "2610"]
[Annotator "ChessBase"]
[PlyCount "94"]
[EventDate "1989.01.??"]
[EventType "match"]
[EventRounds "6"]
[EventCountry "BEL"]
[SourceTitle "Candidates"]
[Source "ChessBase"]
[SourceDate "1999.07.01"]
[SourceVersion "2"]
[SourceVersionDate "1999.07.01"]
[SourceQuality "1"]

1. Nf3 g6 2. e4 Bg7 3. d4 d6 4. c4 Bg4 5. Be2 Nc6 6. Be3 e5 7. d5 Bxf3 8. Bxf3
Nd4 9. Bxd4 exd4 10. Na3 Ne7 11. O-O c6 12. Rb1 O-O 13. Nc2 c5 14. b4 Nc8 15.
Qd3 Qc7 16. Be2 $1 Re8 17. bxc5 dxc5 18. f4 b5 $1 19. Rxb5 $1 Nd6 20. e5 $1
Nxb5 21. cxb5 Qa5 22. d6 $6 (22. Na3 $1) (22. Qb3 $1 Qd2 23. Bc4 g5 24. d6 Rf8
25. Qh3 $1 $18) 22... Qxa2 23. Qc4 Qb2 $1 (23... Qxc4 24. Bxc4 a6 25. bxa6 Reb8
26. Ra1 $18) 24. Bf3 Rab8 25. Bc6 Red8 26. Qxc5 $5 {26.Ne1!?} d3 $6 (26... Qc3
$5 27. Qxc3 dxc3 28. Ne3 (28. Rd1 g5 29. g3 gxf4 30. gxf4 Bh6 31. Rd4 a6 $1 32.
bxa6 Rb1+ $1 $17) 28... f6 29. Nc4 fxe5 30. fxe5 Bh6 31. e6 c2 32. e7 Bg5 $1
$17) 27. Nb4 $5 (27. Ne3 $5 g5 28. g3 gxf4 29. gxf4 Kh8 $146) 27... d2 28. Nd3
(28. Nd5 g5 $13) 28... Qb3 29. Nf2 Qa4 $1 30. g3 a6 $1 31. b6 Rdc8 32. b7 $1
Rxc6 (32... Rxb7 33. d7 $1 Rxd7 34. Bxa4 $18) 33. Qa7 Rxb7 34. Qxb7 Rc1 35. Qf3
$2 (35. d7 Rxf1+ 36. Kxf1 d1=Q+ 37. Nxd1 Qxd1+ 38. Kg2 $10) (35. Qd5 $1 Qa1 36.
Qd3 $1 (36. d7 $10 Rxf1+ 37. Kg2 Rxf2+ 38. Kxf2 Qe1+ 39. Kg2 Qe2+ $10) 36...
Rxf1+ 37. Qxf1 Qd4 38. Qd1 Bf8 39. Kf1 Qc4+ 40. Kg2 Qd5+ 41. Qf3 Qd4 42. Nd1 a5
43. Qe3 Qd5+ 44. Kf2 a4 45. Ke2 $16) 35... Qd4 $1 36. Kg2 Re1 $1 37. Nd1 Bf8
38. Qf2 Qd5+ 39. Kg1 Rxf1+ 40. Kxf1 f6 41. exf6 Bxd6 42. Qe3 Kf7 43. Ke2 Bc5
44. Qc3 Qe4+ 45. Kf1 Qh1+ 46. Ke2 Qxh2+ 47. Kf3 Qh1+ 0-1

[Event "Bethune op"]
[Site "Bethune"]
[Date "1999.12.??"]
[Round "?"]
[White "Chuchelov, Vladimir"]
[Black "Foisor, Cristina Adela B"]
[Result "1-0"]
[WhiteElo "2535"]
[BlackElo "2370"]
[Annotator "Chuchelov,V"]
[PlyCount "109"]
[EventDate "1999.12.26"]
[EventType "swiss"]
[EventRounds "7"]
[EventCountry "FRA"]
[SourceTitle "CBM 075"]
[Source "ChessBase"]
[SourceDate "2000.04.05"]
[SourceVersion "1"]
[SourceVersionDate "2000.04.05"]
[SourceQuality "1"]

1. Nf3 g6 2. c4 Bg7 3. d4 d6 4. Nc3 e5 5. dxe5 dxe5 6. Qxd8+ Kxd8 7. Bg5+ f6 8.
O-O-O+ Bd7 (8... Ke8 $5 9. Bd2 Be6) (8... Nd7) 9. Bd2 Ne7 (9... Nh6) 10. g4 Kc8
11. Rg1 a5 12. Ne4 Be6 13. Bc3 $1 (13. e3 Rd8 $1) 13... Nd7 (13... Bxc4 14.
Nxf6 $1 Bxf6 15. g5 Bg7 16. Bh3+ Nf5 17. e4 Be6 18. exf5 Bxf5 19. Bxf5+ gxf5
20. Bxe5 Bxe5 21. Nxe5 $16) 14. e3 $14 Nc6 15. Be2 Nb4 $6 16. Kb1 Nc6 (16... b5
17. a3) 17. h4 Rd8 18. h5 g5 19. Nfd2 Bf8 20. b3 $1 a4 21. Nf1 axb3 22. axb3
Be7 23. Nfg3 Nc5 24. Nxc5 Bxc5 25. Ne4 (25. Rxd8+ Kxd8 26. Bd3 h6 27. Nf5 (27.
Bf5 Ke7 28. Bxe6 Kxe6 29. Nf5 Ne7) 27... Bf8 28. Be4 $16) 25... Be7 26. Kb2 $6
h6 27. Bf3 Rxd1 28. Rxd1 Ba3+ 29. Kc2 f5 $2 $138 (29... Be7 $132) 30. gxf5 Bxf5
31. Ra1 Kb8 $6 (31... g4 32. Bg2 Ra6 33. Kd2 $14) 32. Kd2 Ra6 33. Ng3 Bd7 34.
Ke2 Bd6 35. Rxa6 bxa6 36. Be4 Ne7 37. Kd2 Be6 38. Bd3 $1 Nc6 39. Bf5 Bf7 40.
Bg4 a5 (40... Ne7 41. Ne4 Nc6 42. Bf3 Kb7 43. Nf6 Be6 44. Bd5 Bxd5 45. cxd5 Ne7
46. Kd3 $18) 41. Nf5 $16 Bf8 42. Bf3 e4 $6 (42... Kb7 $8 43. Bxa5 $140 $2 Bxh5)
43. Bxe4 Nb4 44. Bf3 a4 45. bxa4 Bxc4 46. Nxh6 Bxh6 47. Bxb4 Be6 48. Bc5 g4 49.
Bc6 Bc8 50. Kd3 Ba6+ 51. Ke4 Be2 52. Kf5 g3 53. fxg3 Bxh5 54. g4 Bf7 55. Kf6
1-0

[Event "BL2-West 0001"]
[Site "Germany"]
[Date "2000.12.10"]
[Round "3.1"]
[White "Chuchelov, Vladimir"]
[Black "Van der Wiel, John"]
[Result "1-0"]
[WhiteElo "2535"]
[BlackElo "2535"]
[Annotator "Chuchelov,V"]
[PlyCount "83"]
[EventDate "2000.10.15"]
[EventType "team-tourn"]
[EventRounds "9"]
[EventCountry "GER"]
[SourceTitle "CBM 081"]
[Source "ChessBase"]
[SourceDate "2001.03.20"]
[SourceVersion "1"]
[SourceVersionDate "2001.03.20"]
[SourceQuality "1"]
[WhiteTeam "Andernach"]
[BlackTeam "Porz II"]
[WhiteTeamCountry "GER"]
[BlackTeamCountry "GER"]

1. Nf3 d6 2. d4 Bg4 3. e3 Nd7 4. c4 e5 5. Nc3 c6 6. Be2 (6. h3 {-59/23}) 6...
f5 7. O-O Ngf6 $146 (7... Be7 8. e4 f4 (8... fxe4 9. Nxe4 d5 10. cxd5 cxd5 11.
Nc3 e4 12. Ne5 Bxe2 13. Qxe2 Ngf6 14. Qb5 $16) 9. c5 $1 Bxf3 (9... exd4 10.
Qxd4 {xg7}) 10. Bxf3 Ngf6 (10... dxc5 11. dxe5 Nxe5 12. Bxf4 Qxd1 13. Bxd1 Nd3
14. Bg3 Nxb2 15. Bh5+ g6 16. Be2 $16) 11. cxd6 Bxd6 12. Bxf4 $1 exf4 13. e5 O-O
14. exd6 Nb6 15. Qb3+ Kh8 16. a4 $16 {Chuchelov.V-Bezold.M Dresden 1994} (16.
Qb4 $5)) 8. Ng5 (8. d5 Bxf3 $5 9. Bxf3 e4 10. Be2 Be7 11. b4 O-O 12. Bb2 Ne5
$14) 8... Bxe2 9. Qxe2 Qe7 10. d5 $1 Rc8 $6 (10... Nxd5 11. cxd5 Qxg5 12. dxc6
bxc6 13. Qa6 Nb6 (13... c5 14. e4 f4 15. Nd5 Qd8 16. Bd2 $36) 14. a4 Qd8 15. a5
Nd7 16. Qxc6 $16) (10... Nc5 $5 11. b4 h6 12. bxc5 hxg5 13. e4 f4 14. cxd6 Qxd6
15. Rb1 Qc7 16. Rd1 Be7 $5 (16... Bc5 17. Na4 Bd4 18. Bb2 $36) 17. h3 $14) 11.
e4 f4 12. Ne6 $16 Rg8 13. Bd2 g5 14. g3 (14. f3 $5 $16 {/\15Be1}) (14. g4 h5
15. h3 Rh8 $132) 14... Bh6 15. f3 Nf8 16. Nxf8 Bxf8 17. Kh1 fxg3 $6 (17... Qd7
$5 18. Rg1 $140 Rg6 19. gxf4 gxf4 20. Rxg6 hxg6 21. Rg1 Qh7 22. Qg2 Kf7 $132)
18. hxg3 Qd7 (18... h5 $5) 19. Kg2 Be7 (19... h5 20. Nd1 {/\Nf1-e3-f5}) 20. Rh1
Bd8 $6 21. Rh6 Qf7 22. Rah1 Be7 (22... Bb6 23. dxc6 bxc6 24. Qd3 Bd4 25. Ne2 c5
26. Nc3 $16) 23. g4 $1 {xh7} Bf8 24. R6h2 Qd7 25. Qd3 {/\26Ne2-g3-f5} Rc7 $138
26. Ne2 cxd5 27. cxd5 h5 (27... Qa4 28. Nc3 Qc4 (28... Qd4 29. Qe2) 29. Qxc4
Rxc4 30. Kf2 $16) 28. gxh5 g4 29. f4 Qa4 30. Nc3 Qd4 (30... Rxc3 31. Bxc3 Nxe4
32. fxe5 $18) 31. Qe2 $1 {/\Nb5,Be3} exf4 32. Bxf4 $18 Re7 $138 33. Bxd6 $138 (
33. Qb5+ Kf7 34. Rd1 $18) 33... Nxe4 34. Bxe7 Nxc3 35. bxc3 Qxd5+ 36. Kg3 Bxe7
37. Re1 Qd6+ (37... Rg7 38. h6 Rf7 39. Rf2) 38. Qe5 $1 Kd7 39. Rd2 Qxd2 40.
Qxe7+ Kc6 (40... Kc8 41. Qe6+ Kc7 42. Qf7+ Kb6 43. Re6+) 41. Re6+ Kb5 42. Qb4#
1-0

[Event "Altensteig"]
[Site "Altensteig"]
[Date "1994.??.??"]
[Round "6"]
[White "Dautov, Rustem"]
[Black "Speelman, Jonathan S"]
[Result "1/2-1/2"]
[WhiteElo "2630"]
[BlackElo "2600"]
[Annotator "Dautov,R"]
[PlyCount "81"]
[EventDate "1994.08.??"]
[EventType "tourn"]
[EventRounds "11"]
[EventCountry "GER"]
[EventCategory "12"]
[SourceTitle "CBM 043"]
[Source "ChessBase"]
[SourceDate "1994.12.01"]
[SourceVersion "1"]
[SourceVersionDate "1994.12.01"]
[SourceQuality "1"]

1. d4 d6 2. Nf3 Bg4 3. c4 c6 4. Nc3 e6 (4... Nd7 5. e4 e5 6. Be2 Be7 $5 {
/\Bxf3,Bg5}) 5. e4 (5. d5 $5 $14) 5... Be7 $6 $146 (5... Nf6 6. Be2 Be7 7. h3
Bh5 8. d5 cxd5 9. cxd5 exd5 10. Nxd5 $14) 6. h3 Bxf3 (6... Bh5 7. d5 $14 (7. g4
Bg6 8. h4 h6 9. h5 Bh7 10. Bd3 $14)) 7. Qxf3 Bg5 8. Bxg5 (8. Qg3 $1 Bh4 (8...
Bxc1 9. Rxc1 Kf8 10. Be2 $16) 9. Qg4 (9. Qxg7 Bf6 10. Qg3 Bxd4 11. Bg5 Qb6 12.
O-O-O e5 13. Be3 Bxe3+ 14. fxe3 $16) 9... Bf6 10. Be3 Ne7 11. O-O-O e5 12. dxe5
Bxe5 13. Bd4 Bxd4 14. Rxd4 O-O 15. Qg3 $16) 8... Qxg5 9. e5 $6 (9. Be2 $14)
9... dxe5 10. Ne4 Qe7 11. dxe5 Qb4+ 12. Qc3 (12. Kd1 $5 Qxb2 13. Nd6+ Kd7 14.
Rc1 Nh6 15. Nxf7 Nxf7 (15... Rf8 $2 16. Qd3+ Ke7 17. Rb1 $18) 16. Qxf7+ Kc8 17.
Qxe6+ Nd7 18. Bd3 (18. f4 Qd4+ 19. Kc2 Qf2+ 20. Kb1 Qb6+ $10) 18... Qxe5 19.
Bf5 Qxe6 20. Bxe6 Kc7 $10) 12... Qxc3+ 13. Nxc3 (13. bxc3 Nd7 (13... Ke7 $5 14.
Nd6 b6 $10) 14. Nd6+ Ke7 15. Nxb7 Nxe5 16. Na5 g5 17. g3 Kf6 18. Bg2 Ne7 $10)
13... Nd7 14. f4 f6 15. exf6 Ngxf6 $10 16. Be2 (16. g4 e5 $10) (16. O-O-O O-O-O
$10) 16... h5 $6 (16... e5 $1 17. fxe5 (17. f5 $6 O-O-O 18. O-O-O Nc5 {/\Rd4})
17... Nxe5 18. O-O-O O-O $10) 17. O-O-O h4 (17... e5 $5 18. g4 $5 hxg4 19. hxg4
Rxh1 20. Rxh1 exf4 21. g5 Ng8 22. Rh4 Ke7 23. Rxf4 Rf8 $10) 18. Bg4 Nxg4 19.
hxg4 $14 O-O-O 20. g5 $1 (20. Rhe1 Nc5 21. Kc2 Rxd1 22. Rxd1 h3 $10) (20. Ne4
Nf6 21. Rxd8+ Kxd8 (21... Rxd8 $2 22. Nxf6 gxf6 23. Rxh4 Rd4 24. g3 Rxc4+ 25.
Kd2 $16) 22. Nxf6 (22. Nc5 Nxg4 23. Nxe6+ Ke7 24. Nxg7 $4 Kf6 $19) 22... gxf6
23. Kd2 Ke7 24. Ke3 Kf7 25. Rh3 Kg7 26. g3 hxg3 27. Rxh8 Kxh8 28. Kf3 c5 29.
Kxg3 Kg7 30. g5 Kg6 $10) 20... Rdf8 21. Rdf1 g6 {/\e5} 22. Ne4 Kc7 (22... e5 {
>=} 23. f5 gxf5 24. Rxf5 Rxf5 25. Nd6+ Kc7 26. Nxf5 Rg8 27. Rxh4 Rxg5 28. Ne3
$14) 23. Kd2 e5 24. Ke3 Rf5 (24... exf4+ 25. Rxf4 Rxf4 26. Kxf4 Rf8+ 27. Ke3
Ne5 (27... Rh8 28. Rh3 Ne5 29. b3 $16 {/\g3}) 28. Kd4 $16) 25. fxe5 Rxe5 (25...
Rxf1 26. Rxf1 Nxe5 27. Kd4 Re8 28. Rf4 $16) (25... Nxe5 26. Rxf5 gxf5 27. Nf6
Nxc4+ 28. Kf4 $16) 26. Rf7 Kd8 27. Kf4 Rhe8 28. Rxd7+ $2 $138 (28. Nd6 Re2 29.
Nxe8 (29. Rxh4 Rxb2) 29... Rf2+ 30. Ke3 Rxf7 31. Nd6 Re7+ 32. Ne4 $16) 28...
Kxd7 29. Nf6+ Kd6 $1 30. Nxe8+ (30. Rd1+ Kc7 31. Rd7+ $2 (31. Nxe8+ Rxe8 32.
Rd2 c5 $10) 31... Kc8 32. Nxe8 $2 Rf5+ $19) 30... Rxe8 31. Rxh4 Re2 $10 32. g3
(32. b4 Rxg2 33. Rh6 Rf2+ 34. Ke4 Re2+ 35. Kf3 Rxa2 36. Rxg6+ Ke5 $10) (32. Rh6
Rxg2 33. Rxg6+ Kc5 34. b3 Rxa2 35. Rg7 b5 $10) 32... Rf2+ 33. Kg4 Rxb2 34. Rh6
Ke6 $1 35. Rxg6+ Kf7 36. Rf6+ Kg7 37. Rd6 Rxa2 38. Rd7+ Kg6 39. Rd6+ Kg7 40.
Rd7+ Kg6 41. Rd6+ 1/2-1/2

[Event "Bundesliga 9697"]
[Site "Germany"]
[Date "1997.??.??"]
[Round "?.1"]
[White "Dautov, Rustem"]
[Black "Adams, Michael"]
[Result "1/2-1/2"]
[WhiteElo "2590"]
[BlackElo "2660"]
[Annotator "Dautov,R"]
[PlyCount "131"]
[EventDate "1996.10.12"]
[EventType "team-tourn"]
[EventRounds "15"]
[EventCountry "GER"]
[SourceTitle "GER-chT"]
[Source "ChessBase"]
[SourceDate "1999.07.01"]
[SourceVersion "1"]
[SourceVersionDate "1999.07.01"]
[SourceQuality "1"]
[WhiteTeam "St Ingbert"]
[BlackTeam "Solingen"]
[WhiteTeamCountry "GER"]
[BlackTeamCountry "GER"]

1. d4 d6 2. g3 e5 3. dxe5 dxe5 4. Qxd8+ Kxd8 5. Nc3 c6 (5... Nc6 $6 6. Bg5+ f6
7. O-O-O+ Bd7 8. Bh3 Bd6 9. Be3 Bxh3 10. Nxh3 Ke7 11. f4 $1 exf4 12. Nxf4 Kf7
13. Nb5 $16 {Jusupov,A-Hickl,J/Nussloch 66/34 1996}) (5... Nd7 6. f4 Ngf6 $5 (
6... Bb4 7. Nf3 f6 8. fxe5 Nxe5 9. Bf4 $40) 7. Nf3 Bd6 8. Nb5 Ke7 9. Nxd6 cxd6
10. b3 $14 {Yusupov,A-Rivas Pastor,M/Las Palmas 58/66 1993}) 6. f4 exf4 {N} (
6... Nd7 7. Nf3 Bd6 8. Bd2 Ngf6 9. O-O-O Ke7 $14) (6... Bb4 7. fxe5 Bf5 8. Bg5+
Kc7 9. Bf4 Be6 10. Nf3 $14 {Skomorokhin-Helbig/ Mlada Boleslav 1992}) 7. Bxf4
Bb4 8. O-O-O+ Ke8 9. Ne4 Bf5 10. Rd4 Bxe4 (10... Be7 11. Be5 $5 (11. Nd6+ Bxd6
12. Bxd6 Nf6 13. Bg2 Nbd7 14. e4 Be6 15. Ne2 $14) 11... f6 (11... Nf6 12. Bxf6
gxf6 13. Bh3 $14) 12. Nd6+ Bxd6 13. Bxd6 Nd7 14. e4 Be6 15. Bh3 Bxh3 16. Nxh3
$14) 11. Rxe4+ Be7 12. Be5 $1 (12. Nf3 Nf6 13. Rd4 Bc5 14. Rd3 (14. Rc4 Na6 $11
) 14... Ng4 $13) 12... f6 (12... Nf6 13. Bxf6 gxf6 14. Bh3 Nd7 15. Nf3 Nc5 16.
Re3 Rd8 17. Nh4 $36) (12... Kf8 13. Bh3 Nf6 14. Rd4 $16 {עf8}) 13. Bc3 Na6 14.
Bh3 $16 {><e6} Nc5 (14... Rd8 15. Nf3 Nh6 16. Rf1 (16. Nd4 Nc5 17. Re3 Kf7 18.
Ne6 Nxe6 19. Bxe6+ Kg6 20. h4 Bc5 $13) 16... Nc5 (16... Nc7 17. Ba5 b6 18. Bd2
Nf7 19. Nd4 Ne5 20. Bf4 $16) 17. Re3 Na4 18. Ba5 b6 19. Bb4 c5 20. Bd2 b5 21.
Re6 $16) 15. Re3 Na4 16. Nf3 Nxc3 (16... Rd8 $142) 17. Rxc3 Nh6 18. Rb3 $1 Rb8
19. Rd1 f5 20. Nd4 Kf7 21. Nxf5 Nxf5 22. Bxf5 g6 23. Be4 Ke6 24. Bf3 Bg5+ 25.
Kb1 Rhd8 26. Rxd8 Rxd8 27. a4 b6 28. h4 $2 {><g3} (28. a5 $1 bxa5 29. Rc3 Rd6
30. Bxc6 $18) 28... Rd1+ 29. Ka2 Bf6 30. a5 (30. Bxc6 Rd2 31. Re3+ Kd6 32. Be4
Bd4 33. Rd3 Rxd3 34. exd3 Bf2 $14) 30... bxa5 31. Bxc6 Rd4 (31... Rd2 32. Re3+
Kd6 33. Be4 Bd4 34. Rd3 Rxd3 35. exd3 Bf2 36. h5 gxh5 37. Bxh7 Bxg3 38. d4 h4
39. Bf5 Kd5 40. c3 $18 {/\Kb3-c2-d3,c4}) 32. Rd3 $1 Kd6 33. Bf3 Kc7 34. c3 Rd6
35. Bd5 h5 36. Be4 Be7 37. Rf3 $18 a4 38. Rf7 Kd8 39. Bd3 a3 40. bxa3 Rb6 41.
a4 a5 42. Rg7 (42. Bb5 $1 Bd6 43. Rf3 $18) 42... Rc6 43. Rg8+ Kc7 44. Rg7 Kd8
45. c4 Rb6 46. Rxg6 (46. Bxg6 Rb4) 46... Rb4 (46... Rxg6 47. Bxg6 Bd6 48. g4
hxg4 49. Kb3 $18) 47. Rh6 Rxa4+ 48. Kb2 Rb4+ 49. Kc3 a4 50. Rh8+ Kc7 51. Rh7
Kd8 52. Rh8+ Kc7 53. Ra8 $2 (53. Rxh5 a3 54. Ra5 Rb2 55. Ra7+ Kd8 56. Kd4 $1
Bf6+ 57. Ke3 a2 58. c5 $18) 53... Bd6 54. e4 Rb3+ 55. Kd4 Bxg3 56. Bc2 Rb8 57.
Rxa4 Bxh4 $16 58. c5 Bf2+ 59. Kc4 Rb2 $2 (59... h4) (59... Rc8) 60. Bd3 h4 61.
Ra7+ Rb7 62. Ra6 Kd8 63. Ra8+ $2 (63. Rh6 Rd7 $1) (63. e5 $1 Rc7 (63... Bg3 64.
Ra8+ Ke7 65. c6 $18) (63... Rd7 64. Bf5 Rd4+ 65. Kb5 Rd5 66. Rd6+ Rxd6 67. exd6
$18) (63... h3 64. Rh6 $18) 64. Rd6+ $1 Ke7 (64... Rd7 65. Bf5 $18) 65. c6 h3
66. Rh6 Bg3 67. Kd5 h2 68. Rh7+ Kd8 69. Rh8+ Ke7 70. Be4 Bf4 71. Bg2 Bg3 72.
Rh3 Bf4 73. Ke4 Bc1 74. Kf5 $18) 63... Ke7 64. Ra2 (64. c6 Ra7 65. Rh8 Kd6 66.
Rh6+ Ke5 $11) (64. Rh8 Rc7 65. Rh5 h3 $11) 64... Bg3 65. c6 Rb8 66. Bf1 (66.
Bf1 Kd6 $11) 1/2-1/2

[Event "Dortmund op-A"]
[Site "Dortmund"]
[Date "1992.??.??"]
[Round "4"]
[White "Dautov, Rustem"]
[Black "Tischbierek, Raj"]
[Result "1/2-1/2"]
[WhiteElo "2610"]
[BlackElo "2485"]
[Annotator "Dautov,R"]
[PlyCount "120"]
[EventDate "1992.04.??"]
[EventType "swiss"]
[EventRounds "11"]
[EventCountry "GER"]
[SourceTitle "CBM 029"]
[Source "ChessBase"]
[SourceDate "1992.08.01"]
[SourceVersion "1"]
[SourceVersionDate "1992.08.01"]
[SourceQuality "1"]

1. d4 d6 2. Nf3 Bg4 3. e4 Nf6 4. Bd3 e6 (4... e5 5. c3 Nbd7 (5... Nc6 6. d5 $14
) 6. O-O Be7 7. Re1 O-O 8. Nbd2 d5 9. exd5 exd4 10. c4 Nc5 11. Qc2 c6 12. dxc6
bxc6 13. Ne5 Bd6 14. Ndf3 $14 {Dautov,R-Mohr,S Bad Lauterberg 1991,CBM 27}) 5.
Bg5 $5 (5. O-O Be7 6. c3 d5 7. e5 Nfd7 8. b4 $5 $14) 5... Be7 6. Nbd2 O-O (6...
d5 $142 {Besser}) 7. c3 d5 8. e5 (8. exd5 Nxd5 9. Bxe7 Qxe7 10. Qc2 $14) 8...
Nfd7 9. Bxe7 (9. h4 $142 $1 h6 10. Be3 c5 11. Qb1 {/\Nh2} Bxf3 12. Nxf3 Nc6 13.
h5 (13. Ng5 cxd4 14. cxd4 Nxd4 $1 $13) 13... cxd4 14. cxd4 $14) 9... Qxe7 10.
Qc2 (10. b4 $5 $14) (10. Qb3 $1 Nb6 11. a4 a5 12. O-O N8d7 13. Qc2 Bxf3 (13...
h6 14. Ne1 $1 $16 {ץg4}) 14. Nxf3 h6 15. Qe2 c5 16. Bb5 Rfc8 17. dxc5 Nxc5 18.
Nd4 $14) 10... h6 11. Qb3 Nb6 12. a4 a5 (12... c5 $1 13. dxc5 Qxc5 14. a5 N6d7
15. Qxb7 Bxf3 16. Nxf3 Nc6 17. Qxd7 Rfd8 18. Qc7 Rac8 19. Qb7 Rb8 20. Qc7 (20.
Qa6 $2 Rxb2 21. O-O Nb8 $19) (20. Bh7+ $6 Kxh7 21. Qxf7 Rf8 22. Qxe6 Rbe8 $40)
20... Rbc8 $10) 13. h3 Bxf3 14. Nxf3 N8d7 15. O-O c5 16. Be2 $6 (16. Bb5 Rfc8
17. Qd1 Rc7 18. Qe2 Rac8 19. dxc5 Nxc5 20. Nd4 $14) 16... Rfc8 17. Qa3 Kf8 18.
Qb3 Kg8 19. Bb5 cxd4 (19... Rc7) 20. cxd4 Rc7 21. Rfc1 Rac8 22. Rc3 Rxc3 23.
bxc3 Nf8 24. Rb1 Nc4 $2 (24... Qc7 25. Bf1 Nfd7 $132) 25. Bxc4 Rxc4 26. Nd2 Rc7
27. c4 $16 Qg5 28. Qb6 $1 Rd7 29. Nf3 Qf5 30. cxd5 exd5 31. Rc1 Ne6 32. Qxa5
Nf4 $138 33. Kh2 $2 (33. Qa8+ $1 Kh7 34. Rc8 Nxh3+ 35. Kh2 Qg4 (35... Qh5 36.
Kg3 $18) 36. Rh8+ Kg6 37. Qg8 Nf4 38. Rxh6+ $1 Kxh6 39. Qh8+ Kg6 40. Nh4+ Kg5
41. Qxg7+ Ng6 $8 42. g3 $1 Kh5 43. f3 Qxd4 44. g4+ Kg5 45. Qf6+ Kh6 46. Nf5+
$18) (33. Qb5 $1 Re7 34. Qb1 $1 Qe4 35. Re1 Ne2+ 36. Kf1 $18) 33... Nxh3 34.
Qd2 Nf4 35. Rc8+ Kh7 36. Qc2 $138 Qxc2 37. Rxc2 b6 38. g3 Ne6 39. Rb2 Ra7 40.
Rb4 Kg6 $2 (40... g6 $10) 41. Nh4+ Kh7 42. Nf5 Nd8 43. f4 g6 44. Nd6 $1 (44.
Ne3 Nc6 45. Rxb6 Nxd4 46. Nxd5 Rxa4 47. Nf6+ Kg7 48. Rb8 h5 $10) 44... Nc6 45.
Rxb6 Nxd4 46. Rb7 $1 $18 Rxb7 (46... Rxa4 47. Nxf7 Ra2+ 48. Kh3 Re2 49. Nd6+
Kh8 50. Ne8 $18) 47. Nxb7 g5 $1 48. a5 gxf4 49. gxf4 Nc6 50. a6 Kg6 51. Nd6 $1
d4 52. Kg3 d3 53. Kf3 h5 54. Ne4 $4 (54. Nc8 $1 {/\Ne7} Kh6 55. Ne7 Na7 56.
Nf5+ Kg6 57. Nh4+ Kh6 58. Ke3 Nc6 59. Nf5+ Kh7 60. Ne7 Na7 61. Kxd3 h4 62. Ke3
$18) 54... Kf5 55. Ng3+ (55. Nd6+ Ke6 $10) 55... Kg6 56. Ne4 $138 Kf5 57. Nf2
d2 58. Nd1 {/\Ne3,Ke2+-} Nd4+ 59. Ke3 Nc6 60. Kf3 Nd4+ 1/2-1/2

[Event "Bad Lauterberg Bohemia"]
[Site "Bad Lauterberg"]
[Date "1991.11.13"]
[Round "8"]
[White "Dautov, Rustem"]
[Black "Mohr, Stefan"]
[Result "1-0"]
[WhiteElo "2595"]
[BlackElo "2465"]
[Annotator "Dautov,R"]
[PlyCount "61"]
[EventDate "1991.11.05"]
[EventType "tourn"]
[EventRounds "11"]
[EventCountry "GER"]
[EventCategory "10"]
[SourceTitle "CBM 027"]
[Source "ChessBase"]
[SourceDate "1992.04.01"]
[SourceVersion "1"]
[SourceVersionDate "1992.04.01"]
[SourceQuality "1"]

1. d4 {Ribli} d6 2. Nf3 Bg4 3. e4 Nf6 4. Bd3 $5 e5 (4... Nc6 5. c3 e5 6. dxe5 (
6. d5 Ne7 (6... Nb8 7. c4 $14) 7. h3 Bc8 8. c4 $14) 6... Bxf3 7. Qxf3 Nxe5 8.
Qe2 Nxd3+ (8... d5 $5 $10) 9. Qxd3 Qe7 10. O-O O-O-O 11. Bg5 h6 12. Bxf6 Qxf6
13. Na3 c6 $10 {Dukic,Z-Dorfman,Jugoslavija 1991,Inf.52/(65)} (13... c6 {Ribli}
14. Rad1 d5 15. exd5 Bxa3 16. Qh3+ Kb8 17. bxa3 Rxd5 18. Rxd5 cxd5 $10 {
Dukic-Dorfman Jugoslavija 1991 52/(65)})) 5. c3 (5. d5 $5) 5... Nbd7 (5... d5
$6 6. h3 (6. dxe5 dxe4 7. exf6 Qxd3 8. Qxd3 exd3 $13) 6... Bh5 7. Bg5 $1 Nc6 (
7... Be7 8. Bxf6 Bxf6 9. dxe5 $16) (7... exd4 8. e5 dxc3 9. Nxc3 h6 10. Bh4 g5
11. exf6 gxh4 12. Qe2+ $18) 8. g4 Bg6 9. Nxe5 Nxe5 10. dxe5 dxe4 11. Bb5+ c6
12. Qxd8+ Rxd8 13. exf6 cxb5 14. fxg7 $16) 6. O-O Be7 7. Re1 O-O 8. Nbd2 d5 $5
(8... Re8 9. Nf1 d5 10. exd5 exd4 11. c4 c5 (11... Nc5 12. Bc2 $16) 12. dxc6
bxc6 13. h3 $16) 9. exd5 (9. h3 Bxf3 10. Qxf3 dxe4 11. Nxe4 exd4 12. cxd4 c6
13. Nc3 Nb6 14. Bf4 $14) (9. h3 Bh5 $1 10. exd5 (10. g4 $2 Bg6 11. dxe5 Nxe4
12. Nxe4 dxe4 13. Bxe4 Bxe4 14. Rxe4 Nxe5 $1 $17) 10... exd4 11. c4 Nc5 12. Bf1
(12. Qc2 c6 13. dxc6 bxc6 14. Ne5 Rc8 $13) 12... c6 13. dxc6 bxc6 14. g4 Bg6
15. Ne5 Qc7 $1 16. Bg2 (16. Nxc6 Qxc6 17. Rxe7 Ne6 $44) 16... Bd6 $44) 9...
exd4 10. c4 Nc5 (10... c5 11. dxc6 bxc6 12. h3 Bh5 13. g4 Nc5 14. Qe2 $1 Nxd3
15. Qxd3 Bg6 16. Qxd4 Qc7 17. Nb3 {/\Bf4}) 11. Qc2 $1 c6 12. dxc6 bxc6 13. Ne5
Bd6 $1 14. Ndf3 $1 (14. Nxc6 Qd7 15. Ne5 Bxe5 16. Rxe5 Qd6 17. Re1 Rfe8 $36) (
14. Bxh7+ Kh8 $1 (14... Nxh7 15. Nxg4 Qh4 16. h3 Rae8 17. Rxe8 Rxe8 18. Nf3 $16
) 15. Bd3 Bxe5 16. Rxe5 Qd6 $44) 14... Nxd3 15. Qxd3 c5 16. Nxg4 Nxg4 17. h3
Nf6 18. Bg5 $14 Be7 $2 $138 (18... h6 19. Bh4 g5 20. Bg3 Bxg3 21. fxg3 {
/\Qf5+/-}) (18... Rb8 $142 19. Re2 Rb6 20. Rae1 Bb8 $14) 19. Re5 $1 Qd6 20.
Rae1 $16 Bd8 21. Qf5 Qb6 22. b3 (22. Rxc5 $4 g6 $19) 22... g6 23. Qf4 Nh5 (
23... Nd7 24. Rd5 $16) 24. Qe4 Bxg5 25. Nxg5 Rac8 $2 (25... Nf6 $142 26. Qh4 {
/\Qh6,Re7,Ne6} h5 27. Qg3 {/\Ne6} Rae8 28. Rxe8 Rxe8 29. Rxe8+ Nxe8 30. Qe5 $16
{><c5}) (25... f6 {Ribli} 26. Qd5+ $18) 26. Nxh7 $1 f5 27. Qh4 Kxh7 28. Re6 $1
Qd8 (28... Rc6 29. Rxc6 Qxc6 30. Qe7+ Kg8 31. Re6 $18) 29. Re7+ Kg8 30. Qg5 Rf7
(30... Rc6 {Ribli} 31. Qh6 $18) (30... Rf6 {Ribli} 31. Qh6 $18) 31. Qxg6+ 1-0

[Event "Ter Apel"]
[Site "Ter Apel"]
[Date "1995.??.??"]
[Round "3"]
[White "Dautov, Rustem"]
[Black "Adams, Michael"]
[Result "1/2-1/2"]
[WhiteElo "2625"]
[BlackElo "2655"]
[Annotator "Dautov,R"]
[PlyCount "44"]
[EventDate "1995.03.??"]
[EventType "tourn"]
[EventRounds "5"]
[EventCountry "NED"]
[EventCategory "16"]
[SourceTitle "CBM 047"]
[Source "ChessBase"]
[SourceDate "1995.08.01"]
[SourceVersion "1"]
[SourceVersionDate "1995.08.01"]
[SourceQuality "1"]

1. d4 d6 2. Nf3 Bg4 3. c4 Nd7 4. g3 Bxf3 5. exf3 g6 6. Nc3 Bg7 7. h4 $5 {N} (7.
Bg2) 7... Ngf6 8. Be3 c6 9. g4 h6 (9... h5 $6 10. g5 Ng8 11. d5 $16) (9... e6
$6 10. h5 gxh5 11. g5 $16) 10. Be2 {/\f4} (10. f4 h5 11. g5 Ng4 $10) (10. Bh3
Qa5 11. Qd2 (11. a3 $5) 11... O-O-O 12. O-O-O d5 $10) 10... d5 $1 (10... e6 11.
f4 (11. d5 exd5 12. cxd5 c5 13. f4 Qa5 $13) 11... d5 12. h5 gxh5 13. g5 hxg5
14. fxg5 Ng4 15. Bxg4 hxg4 16. Rxh8+ Bxh8 17. cxd5 cxd5 18. Qxg4 Qb6 19. O-O-O
O-O-O 20. Kb1 $14) 11. cxd5 (11. Qb3 Qb6 $10) 11... Nxd5 12. Nxd5 cxd5 13. Qb3
(13. f4 $5 Qb6 (13... Qa5+ 14. Kf1) 14. h5 gxh5 15. Rxh5 Nf6 16. Rh3 $13) 13...
Qb6 14. Qxb6 Nxb6 $10 15. Rc1 Rc8 16. Rxc8+ Nxc8 17. h5 Nd6 (17... g5 18. O-O
Nd6 19. f4 gxf4 20. Bxf4 Bxd4 (20... Kd7 21. Be5) 21. Rd1 Bxb2 22. Rxd5 Bf6 $10
) 18. f4 Nc4 19. b3 Nxe3 20. Bb5+ Kd8 21. fxe3 gxh5 22. Rxh5 e6 1/2-1/2